Dictionary of nursing. (Record no. 15171)
[ view plain ]
| 000 -LEADER | |
|---|---|
| fixed length control field | 00694cam a22002292 4500 |
| 001 - CONTROL NUMBER | |
| control field | 0000018854 |
| 005 - DATE AND TIME OF LATEST TRANSACTION | |
| control field | 20151217161147.0 |
| 008 - FIXED-LENGTH DATA ELEMENTS--GENERAL INFORMATION | |
| fixed length control field | 100809s xx 000 0 eng d |
| 020 ## - INTERNATIONAL STANDARD BOOK NUMBER | |
| International Standard Book Number | 0199211777 |
| 040 ## - CATALOGING SOURCE | |
| Original cataloging agency | KABU |
| Transcribing agency | KABU |
| 245 10 - TITLE STATEMENT | |
| Title | Dictionary of nursing. |
| 250 ## - EDITION STATEMENT | |
| Edition statement | 5th ed. |
| 260 ## - PUBLICATION, DISTRIBUTION, ETC. (IMPRINT) | |
| Place of publication, distribution, etc. | Oxford : |
| Name of publisher, distributor, etc. | O. U. P., |
| Date of publication, distribution, etc. | 2008. |
| 300 ## - PHYSICAL DESCRIPTION | |
| Extent | ix, 589 p. |
| 500 ## - GENERAL NOTE | |
| General note | With supplement. |
| 650 #0 - SUBJECT ADDED ENTRY--TOPICAL TERM | |
| Topical term or geographic name as entry element | Nursing |
| Form subdivision | Dictionaries. |
| -- | 0000177734 |
| 852 1# - LOCATION | |
| -- | p990 KES |
| 852 1# - LOCATION | |
| -- | p800 KES |
| 852 1# - LOCATION | |
| -- | p920 KES |
| 908 ## - PUT COMMAND PARAMETER (RLIN) | |
| Put command parameter | 100809 |
| 950 ## - LOCAL HOLDINGS (RLIN) | |
| -- | 1 |
| Withdrawn status | Lost status | Source of classification or shelving scheme | Not for loan | Home library | Current library | Date acquired | Total Checkouts | Full call number | Barcode | Date last seen | Price effective from | Koha item type |
|---|---|---|---|---|---|---|---|---|---|---|---|---|
| Library of Congress Classification | Not For Loan | Kabarak, Main Campus | Kabarak, Main Campus | 17/12/2015 | RT21 .D53 2008 c. 1 | 24423 | 17/12/2015 | 17/12/2015 | Reference | |||
| Library of Congress Classification | Not For Loan | Kabarak, Main Campus | Kabarak, Main Campus | 17/12/2015 | RT21 .D53 2008 c. 2 | 21309 | 17/12/2015 | 17/12/2015 | Reference | |||
| Library of Congress Classification | Not For Loan | Kabarak, Main Campus | Kabarak, Main Campus | 17/12/2015 | RT21 .D53 2008 c. 3 | 014951 | 17/12/2015 | 17/12/2015 | Reference |